Nalaganje...

Rice diseases

Bibliografske podrobnosti
Glavni avtor: OU, S.H
Format: Printed Book
Jezik:Undetermined
English
Izdano: England Common wealth mycological institute surrey 1972
U K Common Wealth Mycological Institute
Teme:
LEADER 00624nam a2200193Ia 4500
008 140306s9999 xx 000 0 und d
041 |a eng 
082 |a 632  |b OU/RI 
100 |a OU, S.H 
245 |a Rice diseases 
260 |a England  |b Common wealth mycological institute surrey  |c 1972 
260 |a U K  |b Common Wealth Mycological Institute 
300 |a 368 
365 |b Rs.92 
650 |a Plant pathology 
650 |a plant disease 
942 |2 ddc  |c BK 
999 |c 107447  |d 107447 
952 |0 0  |1 0  |2 ddc  |4 0  |6 632_000000000000000_OURI  |7 0  |9 104618  |a KAUHCV  |b KAUHCV  |d 2002-01-01  |g 92.00  |o 632 OU/RI  |p KAU_HCV-6409  |r 2014-03-22  |w 2014-03-22  |y BK